000 01158nam a2200277Ia 4500
008 0000002004 sp ad 0000000000spa00
090 _aPSZ00 C68v
100 1 _aCouderc, Sylvie
245 1 0 _aValérie Favre
_c/ textos Sylvie Couderc, Valérie Favre ; fotografías Eric Berenguer, Uwe Walter
300 _a[12] p.
_c/ 30 cm.
500 _aExposición realizada en la Galeria Senda, Barcelona, 2005 \ Incluye cronología del artista \ Proyecto Ganador Programa Apoyos Concertados FGAA 2010
501 _aLos elementos pinochiettes
505 _aOBRAS : Die idiotinnen Toi et moi Pinochiette et les vcanes Auto dans la nuit Les Ambassadeurs Sousbols DeuX sapins qui marchent
600 0 0 _aFAVRE, VALERIE, 1959/
_xTRABAJOS PICTORICOS
650 1 4 _aARTE CONTEMPORANEO SUIZO
650 1 4 _aARTISTAS PLASTICOS SUIZOS
650 1 4 _xCATALOGOS
650 1 4 _xEXPOSICIONES
650 1 4 _aPINTORES SUIZOS
650 1 4 _aPINTURA (TECNICA MIXTA)
650 1 4 _aPINTURA AL OLEO
650 1 4 _aPINTURA SOBRE TELA
650 1 4 _aPINTURA SUIZA
700 1 _aBerenguer, Eric \ Walter, Owe
999 _c12045
_d12045
260 _aBarcelona : Galería Senda
_c2004